000 00647nam a22002177a 4500
999 _c9189
_d9189
003 AR-CdUCM
008 190327b ||||| |||| 00| 0 spa d
040 _aMUNICIPALIDAD PROVINCIAL DEL CUSCO
_cBIBLIOTECA MUNICIPAL DEL CUSCO
082 _a869.56 /
_bR696
100 _aRodriguez Cruz, Simón
_925245
245 _aDesatando penas /
260 _aCusco :
_bPachawaray,
_c1992.
300 _a24 páginas ;
_bIlustraciones,
_c20 cm.
500 _aDedicatoria
505 _aContenido: Poemas cusqueños.
650 _aPoemas cusqueños
_917957
650 _aLatinoamerica
_94398
650 _aSiglo XX
_98
942 _2ddc
_cLIBROS
945 _adavv